|
|
|
|
| LEADER |
00000cam a2200000 a 4500 |
| 001 |
1012 |
| 005 |
20230308155913.0 |
| 008 |
000000|1885 ||||||||r|||||||||||spa|| |
| 040 |
|
|
|b spa
|
| 041 |
1 |
|
|a spa
|
| 082 |
0 |
|
|a 328.351
|
| 100 |
1 |
|
|a Macaulay, Lord
|9 13688
|
| 245 |
|
|
|a Discursos parlamentarios
|c Lord Macaulay, traducción de Daniel López
|h imp
|
| 264 |
|
|
|a Madrid
|b Luis Navarro, Editor
|c 1885
|
| 300 |
|
|
|a 305 páginas:
|c 18 cm
|
| 650 |
|
|
|a Discursos
|9 5712
|
| 852 |
|
|
|a UC-CDJBV
|c COLONIALES
|f Compra
|k margarita.gutierrez
|l 1
|m Limitada
|p 00000000
|q 50.00
|t 1012
|y 63901
|b 1
|d CDRC
|e CDRC
|g 328.351 COLONIALES
|z 0000-00-00
|
| 942 |
|
|
|c BK
|
| 999 |
|
|
|c 8094
|d 8094
|